Българска диалектология (Запис номер 160107)
[ съкратено ]
| 000 -Лидер | |
|---|---|
| Контролно поле с фиксирана дължина | nam a22 a 4500 |
| 003 - Код на организацията, давaща контролен номер | |
| Контролно поле | BLK |
| 005 - Дата и час на последна редакция | |
| Контролно поле | 20220221142839.0 |
| 008 - Елементи от данни с фиксирана дължина | |
| fixed length control field | 180410b bul|||||r ||||||| ||bul|| |
| 040 ## - Източник на каталожния запис | |
| Идентификатор на билиотеката - собственик на записа | BLK |
| 041 ## - Код за език | |
| Код за езика на текст/звукозапис или на отделно заглавие | Български |
| Код за езика КДБФ | Български |
| 080 ## - УДК | |
| Текстов определител УДК | Български език |
| УДК код - определител по УДК | 811.163.2 |
| УДК определител | -087 |
| УДК - код + определител | 811.163.2-087 |
| 139 ## - Редно поле | |
| Редна дума | Българска диалектология |
| Авторски знак | Бъл - Б 92 |
| 245 10 - Сведения за заглавието | |
| Заглавие | Българска диалектология |
| Подзаглавни данни | Проучвания и материали : Кн. 1 - |
| Редно поле (дума) | ред. на том Максим Славчев Младенов; ред. на том Стойко Иванов Стойков. |
| Том | Кн. 5 |
| 257 ## - Страна на издаване | |
| Страна на създаване/издаване | България |
| 260 ## - Област на издателските данни | |
| Име на издателя, разпространителя и проч. | БАН |
| Година на издаване | 1962 - |
| Място на издаване, разпространение и проч. | София |
| 300 ## - Физическа характеристика | |
| Размери/Мащаб | 25 см |
| 380 ## - Жанр | |
| Жанр | Езикознание. Филология |
| 650 #4 - Допълнително описание по предмет – тема | |
| Основно описание – тема или топоним | Български език - диалекти |
| 9 (RLIN) | 241883 |
| 653 ## - Ключова дума – ненормативна | |
| Ключова дума | български език |
| 653 ## - Ключова дума – ненормативна | |
| Ключова дума | диалекти |
| 700 1# - Други автори (авторска отговорност) | |
| Лично име | Младенов, Максим Славчев |
| Автороска отговорност (Описва отношението между автора и произведението) | ред. на том |
| 9 (RLIN) | 363838 |
| 700 1# - Други автори (авторска отговорност) | |
| Лично име | Стойков, Стойко Иванов |
| Автороска отговорност (Описва отношението между автора и произведението) | ред. на том |
| 9 (RLIN) | 363446 |
| 760 1# - Описание на основната серия | |
| Място на издаване, издател и година | 1970 |
| Страници - том | 258 с. |
| Забележка - том | Изд. на БАН. Инст. за бълг. ез. - 800 тир. |
| Заглавие | Кн. 5 |
| 852 ## - Местоположение | |
| Форматна сигнатура | Цб 25111 |
| Фондова буква | Хранилище |
| 856 4# - Електронен адрес и достъп | |
| Електронен формат | pdf - файл |
| 856 4# - Електронен адрес и достъп | |
| Електронен формат | pdf - файл |
| 999 ## - СИСТЕМНИ КОНТРОЛНИ НОМЕРА | |
| Koha biblionumber | 160107 |
| Koha biblioitemnumber | 160107 |
| 942 ## - АРТИКУЛИ | |
| Вид на библиотечния материал | Книги |
| Скрит в OPAC | Не |
| Периодичен библиозапис | Да |
| 944 ## - СЪЗДАВАНЕ И РЕДАКЦИЯ на ЗАПИСА | |
| Създаване/Редакция | Създаване |
| Дата на регистрацията/редакция | 14.11.2014 |
| Статус, дата на статуса | 14.11.2014 - от С1,Р / 14.11.2014 |
| Служител, извършил регистрацията/редакцията | Наталия_Любомирова |
| 944 ## - СЪЗДАВАНЕ И РЕДАКЦИЯ на ЗАПИСА | |
| Създаване/Редакция | Редакция |
| Дата на регистрацията/редакция | 2022-02-21 |
| Статус, дата на статуса | 2022-02-21 |
| 999 ## - СИСТЕМНИ КОНТРОЛНИ НОМЕРА | |
| Koha biblioitemnumber | 160107 |
| Код за отписване | Код за изгубен артикул | Източник на класификационната схема | Код за повреда | Коз за рестрикции | Код за отдаване | Артикулен № | Име на библиотеката - собственик | Име на библиотеката, в която се намира в момента | Статус (Текущо местоположение) | Дата на вписване в системата | Местоположение - отдел | Цена в лева | Инвентарен номер | Систематично азбучна сигнатура | Баркод | Номер на екземпляра | Цена в евро | Служебна бележка | Служебен тип на артикула | Бележка за публиката |
|---|---|---|---|---|---|---|---|---|---|---|---|---|---|---|---|---|---|---|---|---|
| Не е изгубен | Universal Decimal Classification | Не е повреден | без рестрикции | ползва се в читалня | 267572 | Регионална библиотека "Любен Каравелов" Русе | Регионална библиотека "Любен Каравелов" Русе | Хранилище | 1962-01-01 | Хранилище | 2.66 | 87824 | Цб 25111 | 120000087824 | 1 | 1.36 | N: стар фонд Дата: 01.01.1962 | Книги | ||
| Изтеглен | Не е изгубен | Не е повреден | без рестрикции | заемане за дома | 267573 | Регионална библиотека "Любен Каравелов" Русе | Регионална библиотека "Любен Каравелов" Русе | 1962-01-01 | Заемна - подръчен фонд | 2.66 | 88739 | П 808.67/Б 92 | 88739 | 2 | 1.36 | N: стар фонд Дата: 01.01.1962 | Книги | Отч.N: 22/2018 , Дата: 26.03.2018 |